00469nam a2200157Ia 4500008004100000020001800041082001400059100002000073245004700093250000800140260004200148300002500190500001900215600002700234650005000261240925s9999 xx 000 0 und d a9788131705056 a006.6 FOL aFoley, James D. 0aComputer Graphics Principles and Practice  a2nd aNew Delhi:bPearson Educationc,2008. a1028p.bNAfOriginal aIncludes Index aEngineering Technology aComputer science, information & general works